Financial managemwent (Record no. 9562)
[ view plain ]
| 000 -LEADER | |
|---|---|
| fixed length control field | 00494nam a22001937a 4500 |
| 003 - CONTROL NUMBER IDENTIFIER | |
| control field | OSt |
| 005 - DATE AND TIME OF LATEST TRANSACTION | |
| control field | 20251010160322.0 |
| 008 - FIXED-LENGTH DATA ELEMENTS--GENERAL INFORMATION | |
| fixed length control field | 251010b |||||||| |||| 00| 0 eng d |
| 020 ## - INTERNATIONAL STANDARD BOOK NUMBER | |
| International Standard Book Number | 0333593693 |
| 040 ## - CATALOGING SOURCE | |
| Transcribing agency | MUST |
| 082 ## - DEWEY DECIMAL CLASSIFICATION NUMBER | |
| Classification number | 07/28743 |
| 100 ## - MAIN ENTRY--PERSONAL NAME | |
| Personal name | Woodhall Geoffrey |
| 9 (RLIN) | 19463 |
| 245 ## - TITLE STATEMENT | |
| Title | Financial managemwent |
| 300 ## - PHYSICAL DESCRIPTION | |
| Extent | x,85p. : |
| Dimensions | 23cm. |
| 504 ## - BIBLIOGRAPHY, ETC. NOTE | |
| Bibliography, etc | includes appendix and glossary |
| 630 ## - SUBJECT ADDED ENTRY--UNIFORM TITLE | |
| Uniform title | Management |
| 9 (RLIN) | 19464 |
| 700 ## - ADDED ENTRY--PERSONAL NAME | |
| Relator code | Geoffrey Woodhall, Alan Stuttard |
| 942 ## - ADDED ENTRY ELEMENTS (KOHA) | |
| Source of classification or shelving scheme | Dewey Decimal Classification |
| Koha item type | Open Shelf |
| Withdrawn status | Lost status | Source of classification or shelving scheme | Damaged status | Not for loan | Home library | Current library | Date acquired | Source of acquisition | Inventory number | Total Checkouts | Full call number | Barcode | Date last seen | Price effective from | Koha item type |
|---|---|---|---|---|---|---|---|---|---|---|---|---|---|---|---|
| Dewey Decimal Classification | MUST Main Library | MUST Main Library | 10/10/2025 | Donation | 07/28743 | 658.15 WOO 1999 | 2025-0120 | 10/10/2025 | 10/10/2025 | Open Shelf |
